header

A sourcebook of Nasca ceramic iconography (Record no. 34575)

MARC details
000 -LEADER
fixed length control field 01742nam a22003614a 4500
082 04 - DEWEY DECIMAL CLASSIFICATION NUMBER
Classification number 985
100 1# - MAIN ENTRY--AUTHOR NAME
Personal name Proulx, Donald A.,
245 12 - TITLE STATEMENT
Title A sourcebook of Nasca ceramic iconography
260 ## - PUBLICATION, DISTRIBUTION, ETC. (IMPRINT)
Place of publication Iowa City :
Name of publisher University of Iowa Press,
Year of publication c2006.
300 ## - PHYSICAL DESCRIPTION
Number of Pages xii, 236 p., [15] p. of plates :
Other physical details ill. (some col.), maps.
505 0# - FORMATTED CONTENTS NOTE
Formatted contents note Overview of the Nasca culture -- Nasca pottery and its artistic canons -- The discovery of the Nasca style and its chronological placement -- Approaches to the interpretation of Nasca iconography -- A description and interpretation of the major themes in Nasca ceramic iconography -- New insights on Nasca society.
650 #0 - SUBJECT ADDED ENTRY--TOPICAL TERM
Topical Term Nazca pottery
Topical Term Nazca culture.
Topical Term Idols and images
856 40 - ELECTRONIC LOCATION AND ACCESS
Uniform Resource Identifier http://site.ebrary.com/lib/rucke/Doc?id=10354559

No items available.

© 2026 Rongo University
Contact us: librarian | system librarian | Rongo university